LIBRARY & INFORMATION CENTRE, KCAET, TAVANUR

ONLINE PUBLIC ACCESS CATALOGUE (OPAC)

Book of verse for girls / (Record no. 6063)

MARC details
000 -LEADER
fixed length control field 00367cam a2200145ua 4500
041 ## - LANGUAGE CODE
Language code of text/sound track or separate title eng
082 ## - DEWEY DECIMAL CLASSIFICATION NUMBER
Classification number 821
Item number BUR/BO
100 ## - MAIN ENTRY--AUTHOR NAME
Personal name Burges, Helen .
245 ## - TITLE STATEMENT
Title Book of verse for girls /
260 ## - PUBLICATION, DISTRIBUTION, ETC. (IMPRINT)
Place of publication London :
Name of publisher University of London Press Ltd ,
Year of publication 1980.
300 ## - PHYSICAL DESCRIPTION
Number of Pages 94 ; .
942 ## - ADDED ENTRY ELEMENTS (KOHA)
Koha item type Books
Holdings
Withdrawn status Lost status Damaged status Home library Current library Date acquired Full call number Accession Number Koha item type
Withdrawn     KAUAET Malayalam University 07/04/2012 821 BUR/BO 10092 Books
free website counter